Top 30 najlepszych skoczków Planica 7 w sezonie 2024/25 - Statystyki

Ogólne statystyki
  • Ten quiz został rozwiązany 67 razy
  • Średni wynik to 26 z 30
Statystyki odpowiedzi
Miejsce Zwodnik Kraj Punkty Występy % Poprawnych
1 Domen Prevc Słowenia 1617.7 4
100%
13 Kamil Stoch Polska 1441.3 4
100%
20 Piotr Żyła Polska 1050.7 3
100%
5 Ryoyu Kobayashi Japonia 1538 4
100%
22 Sakutaro Kobayashi Japonia 1001.9 3
100%
14 Aleksander Zniszczoł Polska 1417.1 4
98%
11 Paweł Wąsek Polska 1455.9 4
98%
6 Stefan Kraft Austria 1506.7 4
98%
2 Anze Lanisek Słowenia 1598.3 4
96%
3 Andreas Wellinger Niemcy 1568.8 4
95%
10 Karl Geiger Niemcy 1467.4 4
95%
4 Daniel Tschofenig Austria 1552.8 4
93%
16 Gregor Deschwanden Szwajcaria 1402.7 4
93%
7 Pius Paschke Niemcy 1492.9 4
93%
9 Timi Zajc Słowenia 1478.5 4
93%
25 Władimir Zografski Bułgaria 952.4 3
91%
8 Jan Hoerl Austria 1486.2 4
89%
24 Artti Aigro Estonia 980.1 3
88%
15 Ren Nikaido Japonia 1415.8 4
86%
18 Lovro Kos Słowenia 1361.9 4
84%
12 Manuel Fettner Austria 1443.4 4
84%
19 Antti Aalto Finlandia 1202.4 4
80%
17 Naoki Nakamura Japonia 1390.3 4
79%
28 Killian Peier Szwajcaria 851.6 3
77%
27 Jakub Wolny Polska 911.5 3
75%
29 Kevin Bickner USA 841.4 3
75%
23 Maximilian Ortner Austria 980.3 3
66%
21 Markus Eisenbichler Niemcy 1024.9 3
59%
26 Fredrik Villumstad Norwegia 928.1 3
54%
30 Sandro Hauswirth Szwajcaria 751.9 3
43%
Nie znaleziono quizów pasujących do podanych kryteriów
Rozkład punktacji
Procent ludzi z każdym wynikiem
Percentyl według liczby udzielonych odpowiedzi
Twoja historia wyników
Nie rozwiązałeś tego quizu